[Event "Wch U20 Girls 41st"]
[Site "Petrovac"]
[Date "2025.02.26"]
[Round "2"]
[White "Djukic, Katarina"]
[Black "Blokhin, Sofia"]
[Result "0-1"]
[WhiteElo "1786"]
[BlackElo "2020"]
[PlyCount "70"]
[EventDate "2025.02.25"]
[EventType "swiss"]
[EventRounds "11"]
[EventCountry "MNE"]
[SourceTitle "CB11_2025"]
[SourceDate "2025.03.12"]
[SourceVersion "1"]
[SourceVersionDate "2025.03.12"]
[SourceQuality "1"]

1. e4 d5 2. exd5 Qxd5 3. Nc3 Qd6 4. d4 Nf6 5. Nf3 a6 6. Bd3 g6 7. 0-0 Bg7 8. h3 0-0 9. Ne2 Nc6 10. Bf4 Qd8 11. c4 e6 12. Rc1 Nh5 13. Be3 f5 14. Qd2 e5 15. dxe5 Nxe5 16. Nxe5 Bxe5 17. f4 Bg7 18. Rfd1 Be6 19. Nc3 c6 20. Na4 Qc7 21. Qf2 Rfe8 22. b3 Bf7 23. g4 fxg4 24. hxg4 Rxe3 25. Qxe3 Nxf4 26. Bf1 Re8 27. Qf3 c5 28. Re1 Bd4+ 29. Kh1 Rf8 30. Qe4 Be8 31. Qxe8 Rxe8 32. Rxe8+ Kf7 33. Re4 Qc6 34. Rce1 g5 35. Kh2 Qh6+ 0-1

[Event "MNT-ch 77th"]
[Site "Podgorica"]
[Date "2025.02.04"]
[Round "6"]
[White "Abramovic, Dragoljub"]
[Black "Djukic, Katarina"]
[Result "1-0"]
[WhiteElo "2017"]
[BlackElo "1786"]
[PlyCount "91"]
[EventDate "2025.01.31"]
[EventType "swiss"]
[EventRounds "11"]
[EventCountry "MNE"]
[SourceTitle "CB07_2025"]
[SourceDate "2025.02.12"]
[SourceVersion "1"]
[SourceVersionDate "2025.02.12"]
[SourceQuality "1"]

1. d4 Nf6 2. Bg5 g6 3. Nc3 d5 4. g3 c6 5. Bg2 Bg7 6. Nf3 Nbd7 7. 0-0 0-0 8. Qd2 Re8 9. Rad1 Nh5 10. e4 dxe4 11. Nxe4 Nhf6 12. Nc3 Nb6 13. Rfe1 Be6 14. Qc1 Qc8 15. Bh6 Bh3 16. Ne5 Bxg2 17. Kxg2 Nbd7 18. Nd3 Ng4 19. Bxg7 Kxg7 20. h4 h5 21. Qg5 Ndf6 22. f3 Nh6 23. Re2 Nh7 24. Qe5+ f6 25. Qc5 Nf5 26. Nf4 Nf8 27. Rde1 b6 28. Qc4 Qc7 29. d5 c5 30. Nb5 Qd8 31. Qd3 a6 32. Nc3 Qd7 33. Ne4 Qc7 34. d6 exd6 35. Nd5 Qc6 36. Ndxf6 Re6 37. Nd5 b5 38. Nf4 Ree8 39. Ng5 Rxe2+ 40. Rxe2 Qd7 41. Nge6+ Nxe6 42. Rxe6 Rf8 43. Rxg6+ Kh8 44. Rg5 Nxh4+ 45. gxh4 Rxf4 46. Qg6 1-0

[Event "MNT-ch U16"]
[Site "Cetinje"]
[Date "2024.06.17"]
[Round "4"]
[White "Djukic, Katarina"]
[Black "Koprivica, Andrija"]
[Result "1/2-1/2"]
[WhiteElo "1774"]
[BlackElo "1650"]
[PlyCount "112"]
[EventDate "2024.06.15"]
[EventType "swiss"]
[EventRounds "9"]
[EventCountry "MNE"]
[SourceTitle "EXT 2025"]
[Source "ChessBase"]
[SourceDate "2024.10.14"]
[SourceVersion "1"]
[SourceVersionDate "2024.10.14"]
[SourceQuality "1"]
[WhiteTeam "MNE"]
[BlackTeam "MNE"]

1. e4 e5 2. Nf3 Nc6 3. Bb5 Nf6 4. d3 d6 5. c3 a6 6. Ba4 Bg4 7. Nbd2 Be7 8. Nf1 h6 9. h3 Bd7 10. Ng3 g6 11. Be3 Nb8 12. Bxd7+ Qxd7 13. Qd2 Bf8 14. d4 exd4 15. Bxd4 Bg7 16. e5 dxe5 17. Nxe5 Qd5 18. 0-0-0 0-0 19. c4 Qe6 20. Qc3 Nc6 21. Nxc6 Qxc6 22. f4 b5 23. cxb5 Qxc3+ 24. Bxc3 axb5 25. a3 Rfd8 26. Rhe1 Nd5 27. Bxg7 Kxg7 28. f5 Nf4 29. Re7 Rxd1+ 30. Kxd1 Nxg2 31. fxg6 Kxg6 32. Rxc7 Rd8+ 33. Kc1 Ne3 34. Kb1 f5 35. Rc6+ Kg5 36. Rc5 Rd5 37. b4 f4 38. Ne4+ Kf5 39. Nf2 Rxc5 40. bxc5 Ke6 41. Kb2 Kd5 42. Kc3 f3 43. Kb4 Kc6 44. Nd3 Nc4 45. a4 bxa4 46. Kxc4 a3 47. Kb3 f2 48. Nxf2 Kxc5 49. h4 Kd5 50. Ng4 Ke4 51. Nxh6 Kf4 52. Kxa3 Kg3 53. Nf5+ Kg4 54. Kb4 Kxf5 55. Kc5 Kg4 56. h5 Kxh5 1/2-1/2

[Event "MNT-ch U16"]
[Site "Cetinje"]
[Date "2024.06.16"]
[Round "2"]
[White "Djukic, Katarina"]
[Black "Vetnic, Milan"]
[Result "1/2-1/2"]
[WhiteElo "1774"]
[BlackElo "1591"]
[PlyCount "73"]
[EventDate "2024.06.15"]
[EventType "swiss"]
[EventRounds "9"]
[EventCountry "MNE"]
[SourceTitle "EXT 2025"]
[Source "ChessBase"]
[SourceDate "2024.10.14"]
[SourceVersion "1"]
[SourceVersionDate "2024.10.14"]
[SourceQuality "1"]
[WhiteTeam "MNE"]
[BlackTeam "MNE"]

1. e4 d5 2. exd5 Qxd5 3. Nc3 Qd6 4. d4 a6 5. a4 Nc6 6. Nf3 Nf6 7. Be2 Bg4 8. Be3 e5 9. dxe5 Nxe5 10. Nxe5 Bxe2 11. Qxe2 Qxe5 12. 0-0-0 Bd6 13. Bf4 Qxe2 14. Nxe2 Ne4 15. Rhf1 0-0-0 16. f3 Bxf4+ 17. Nxf4 Nc5 18. b3 Rhe8 19. Rfe1 Ne6 20. Nxe6 Rxd1+ 21. Kxd1 Rxe6 22. Rxe6 fxe6 23. Kd2 Kd7 24. Kd3 e5 25. h4 Ke6 26. g4 c6 27. c4 b6 28. b4 Kd6 29. Ke4 g6 30. h5 a5 31. b5 cxb5 32. cxb5 Ke6 33. hxg6 hxg6 34. f4 exf4 35. Kxf4 Kf6 36. g5+ Ke6 37. Ke4 1/2-1/2

[Event "MNT-ch U16"]
[Site "Cetinje"]
[Date "2024.06.16"]
[Round "3"]
[White "Milovic, Radovan"]
[Black "Djukic, Katarina"]
[Result "1/2-1/2"]
[WhiteElo "1620"]
[BlackElo "1774"]
[PlyCount "42"]
[EventDate "2024.06.15"]
[EventType "swiss"]
[EventRounds "9"]
[EventCountry "MNE"]
[SourceTitle "EXT 2025"]
[Source "ChessBase"]
[SourceDate "2024.10.14"]
[SourceVersion "1"]
[SourceVersionDate "2024.10.14"]
[SourceQuality "1"]
[WhiteTeam "MNE"]
[BlackTeam "MNE"]

1. e4 c5 2. Nc3 g6 3. f4 Bg7 4. Nf3 Nc6 5. Bb5 Nd4 6. 0-0 Nxb5 7. Nxb5 d5 8. d3 d4 9. a4 Nf6 10. c3 a6 11. Na3 dxc3 12. bxc3 b5 13. axb5 axb5 14. Be3 c4 15. dxc4 Qxd1 16. Rfxd1 Nxe4 17. Nxb5 Rxa1 18. Rxa1 Nxc3 19. Nxc3 Bxc3 20. Ra8 0-0 21. c5 Bf5 1/2-1/2